Memorias del General García Camba. Para la Historia de las armas españolas en el Perú. 1809-1821 y 1822-1825

Saved in:
Bibliografiske detaljer
Hovedforfatter: García Camba, Andrés (Author)
Format: Bog
Sprog:spansk
Udgivet: Madrid Editorial América 1916
Udgivelse:1a. ed
Serier:Biblioteca Ayacucho, bajo la dirección de Don Rufino Blanco Fombona, vol. VI y VII
Fag:
Tags: Tilføj Tag
Ingen Tags, Vær først til at tagge denne postø!

MARC

LEADER 00000nam a2200000 a 4500
001 UCJ6460
003 CL-VaPUC
008 070124e19160000SP |||||||||||||||||spa|d
082 0 4 |a 980  |b GAR  |2 21 
100 0 |a García Camba, Andrés  |e author  |9 513150 
245 1 0 |a Memorias del General García Camba. Para la Historia de las armas españolas en el Perú. 1809-1821 y 1822-1825 
250 |a 1a. ed 
300 |a 2 v 
942 |c BK 
945 |d 20070124 00:00:00  |a rinostro 
260 |a Madrid  |b Editorial América  |c 1916 
600 0 7 |a BLANCO FOMBONA, RUFINO  |2 CL-VaPUC  |9 345390 
600 0 |a Cochrane, Thomas Alexander  |9 438892 
600 0 7 |a SAN MARTIN, JOSE DE  |2 CL-VaPUC  |9 513151 
600 0 |a Bolívar, Simón   |d 1783-1830  |9 265422 
600 0 7 |a SUCRE, ANTONIO JOSE DE  |2 CL-VaPUC  |9 352075 
650 7 |a MEMORIAS  |2 CL-VaPUC  |9 269159 
650 7 |a DOCUMENTOS HISTORICOS  |2 CL-VaPUC  |9 438868 
650 0 |a Guerra de la independencia   |9 331979 
650 7 |a TOPONIMIA  |2 CL-VaPUC  |9 513152 
650 7 |a GUERRA GAUCHA  |2 CL-VaPUC  |9 513153 
650 7 |a BATALLAS  |2 CL-VaPUC  |9 376940 
651 0 |a Argentina  |9 254888 
651 0 |a Perú  |9 256567 
651 0 |a Bolivia  |9 255454 
651 7 |a CHILE  |2 CL-VaPUC  |9 513154 
651 0 |a Ecuador  |9 258378 
651 7 |a CHUQUISACA  |2 CL-VaPUC  |9 508251 
583 |a last modification  |c 20120606 02:59:26  |k Rodrigo Vera 
490 0 |a Biblioteca Ayacucho, bajo la dirección de Don Rufino Blanco Fombona, vol. VI y VII 
999 |c 322563  |d 322561 
952 |0 0  |1 0  |4 0  |6 980_000000000000000_GAR_1916  |7 0  |8 X  |9 401576  |a FDOBUD  |b FDOBUD  |d 2019-11-22  |h v.1  |i 1048171  |o 980 GAR 1916  |p 1048171  |r 2019-11-22  |w 2019-11-22  |y BK_X  |k BUD 
952 |0 0  |1 0  |4 0  |6 980_000000000000000_GAR_1916  |7 0  |8 X  |9 401577  |a FDOBUD  |b FDOBUD  |d 2019-11-22  |h v.2  |i 104818K  |o 980 GAR 1916  |p 104818K  |r 2019-11-22  |w 2019-11-22  |y BK_X  |k BUD